000 00315nam a22001457a 4500
008 221208b ||||| |||| 00| 0 eng d
020 _a9780760011454
041 _aeng
080 _a004
082 _a004DEA
100 _a18
101 _aSHKP
245 _aNETWORK+GUIDE TO NETWORKS
_cDEAN T
942 _2udc
_cBK
999 _c59145
_d59145